[Event "Kõbánya-Magyar Sakkvilág-TSE"]
[Site "Budapest"]
[Date "2018.03.04"]
[Round "7.1"]
[White "Nemeth, Zoltan"]
[Black "Vucinic, Gojko"]
[Result "0-1"]
[WhiteElo "2239"]
[BlackElo "2405"]
[PlyCount "150"]
[EventDate "2017.10.29"]
[EventType "team-tourn"]
[EventRounds "9"]
[EventCountry "HUN"]
[Source "chess.hu"]
[SourceDate "2018.03.05"]
[WhiteTeam "Magyar Sakkvilag-TSE"]
[BlackTeam "Aquarena Kobanya SC "]
[WhiteTeamCountry "HUN"]
[BlackTeamCountry "HUN"]

1. d4 Nf6 2. c4 g6 3. Nc3 d5 4. Bg5 Bg7 5. Bxf6 Bxf6 6. cxd5 c6 7. e4 cxd5 8.
Nxd5 Bg7 9. Qa4+ Nc6 10. Bb5 O-O 11. Nf3 Bg4 12. Rd1 Bxf3 13. gxf3 Nxd4 14.
Rxd4 e6 15. Rd1 exd5 16. Rxd5 Qf6 17. Qa3 Rfd8 18. Rxd8+ Rxd8 19. Ba4 Qg5 20.
Kf1 Rd2 21. h4 Qa5 22. Bb3 Qb6 23. Rh2 Be5 24. Qe7 Qc7 25. Qxc7 Bxc7 26. f4
Bxf4 27. Rh3 h6 28. Rf3 g5 29. hxg5 hxg5 30. Ke1 Rd4 31. Bd5 b5 32. Ra3 a5 33.
Ke2 Rd2+ 34. Ke1 a4 35. Rc3 Rxb2 36. Rc8+ Kg7 37. Ra8 f6 38. Ra7+ Kh6 39. Be6
Be5 40. Rb7 b4 41. Kf1 b3 42. Bf5 g4 43. axb3 a3 44. Kg2 Bd6 45. b4 Bxb4 46.
Rh7+ Kg5 47. Rg7+ Kf4 48. Rxg4+ Ke5 49. Rg8 Bc5 50. Ra8 Kf4 51. Ra6 Rxf2+ 52.
Kh3 Rd2 53. Bh7 Bd6 54. Ra5 Kf3 55. e5 fxe5 56. Ra4 Rd4 57. Ra7 e4 58. Rf7+ Bf4
59. Ra7 Rd2 60. Bxe4+ Kxe4 61. Rxa3 Kf5 62. Kh4 Rh2+ 63. Rh3 Rg2 64. Ra3 Rg8
65. Kh3 Ke4 66. Rb3 Rg6 67. Kh4 Be3 68. Rb5 Kf3 69. Ra5 Bf4 70. Ra3+ Ke4 71.
Ra4+ Kf5 72. Kh3 Rg3+ 73. Kh4 Rb3 74. Ra5+ Be5 75. Rc5 Rb2 0-1

[Event "Kõbánya-Magyar Sakkvilág-TSE"]
[Site "Budapest"]
[Date "2018.03.04"]
[Round "7.2"]
[White "Horvath, David"]
[Black "Meszaros, Andras"]
[Result "1/2-1/2"]
[WhiteElo "2386"]
[BlackElo "2255"]
[PlyCount "77"]
[EventDate "2017.10.29"]
[EventType "team-tourn"]
[EventRounds "9"]
[EventCountry "HUN"]
[Source "chess.hu"]
[SourceDate "2018.03.05"]
[WhiteTeam "Aquarena Kobanya SC "]
[BlackTeam "Magyar Sakkvilag-TSE"]
[WhiteTeamCountry "HUN"]
[BlackTeamCountry "HUN"]

1. Nf3 d5 2. c4 c6 3. e3 Nf6 4. Nc3 g6 5. d4 Bg7 6. Be2 O-O 7. O-O a6 8. a4
dxc4 9. Bxc4 c5 10. d5 Bg4 11. h3 Bxf3 12. Qxf3 Nbd7 13. Qe2 Ne8 14. e4 Nd6 15.
Bd3 Rc8 16. Bf4 c4 17. Bc2 Ne5 18. Be3 Nd3 19. Bxd3 cxd3 20. Qxd3 Nc4 21. Nd1
f5 22. Rc1 b5 23. axb5 axb5 24. f4 Qd7 25. e5 g5 26. g3 Rcd8 27. b3 Nxe5 28.
fxe5 f4 29. gxf4 Qxh3 30. Qe4 gxf4 31. Bf2 Rf5 32. Qg2 Qh6 33. Bg3 fxg3 34.
Rxf5 Qxc1 35. Qf3 Qd2 36. e6 Rc8 37. Rf7 Qd4+ 38. Kg2 Qh4 39. Ne3 1/2-1/2

[Event "Kõbánya-Magyar Sakkvilág-TSE"]
[Site "Budapest"]
[Date "2018.03.04"]
[Round "7.3"]
[White "Feher, Gyula"]
[Black "Farkas, Richard"]
[Result "1/2-1/2"]
[WhiteElo "2346"]
[BlackElo "2343"]
[PlyCount "38"]
[EventDate "2017.10.29"]
[EventType "team-tourn"]
[EventRounds "9"]
[EventCountry "HUN"]
[Source "chess.hu"]
[SourceDate "2018.03.05"]
[WhiteTeam "Magyar Sakkvilag-TSE"]
[BlackTeam "Aquarena Kobanya SC "]
[WhiteTeamCountry "HUN"]
[BlackTeamCountry "HUN"]

1. e4 e6 2. d4 d5 3. Nd2 dxe4 4. Nxe4 Nd7 5. Nf3 Ngf6 6. Nxf6+ Nxf6 7. Bd3 c5
8. dxc5 Bxc5 9. O-O O-O 10. Qe2 b6 11. Bg5 Bb7 12. Rad1 Qc7 13. Ne5 Rad8 14.
Bxf6 gxf6 15. Qh5 f5 16. Qg5+ Kh8 17. Qf6+ Kg8 18. Qg5+ Kh8 19. Qf6+ Kg8
1/2-1/2

[Event "Kõbánya-Magyar Sakkvilág-TSE"]
[Site "Budapest"]
[Date "2018.03.04"]
[Round "7.4"]
[White "Urhegyi, Marton"]
[Black "Farago, Sandor"]
[Result "1/2-1/2"]
[WhiteElo "2302"]
[BlackElo "2192"]
[PlyCount "100"]
[EventDate "2017.10.29"]
[EventType "team-tourn"]
[EventRounds "9"]
[EventCountry "HUN"]
[Source "chess.hu"]
[SourceDate "2018.03.05"]
[WhiteTeam "Aquarena Kobanya SC "]
[BlackTeam "Magyar Sakkvilag-TSE"]
[WhiteTeamCountry "HUN"]
[BlackTeamCountry "HUN"]

1. e4 c5 2. c3 Nf6 3. e5 Nd5 4. d4 cxd4 5. Nf3 e6 6. cxd4 Nc6 7. Bd3 Bb4+ 8.
Bd2 Nf4 9. Bf1 d6 10. Bxb4 Nxb4 11. Bb5+ Bd7 12. Bxd7+ Qxd7 13. O-O Qc6 14. Nc3
dxe5 15. dxe5 Nbd3 16. Qa4 Qxa4 17. Nxa4 Rc8 18. Rad1 b5 19. Nc3 Nxb2 20. Nxb5
Ne2+ 21. Kh1 Nxd1 22. Nd6+ Kd7 23. Nxc8 Nec3 24. Nxa7 Rb8 25. a4 Rb1 26. Nb5
Nxa4 27. Kg1 f6 28. exf6 gxf6 29. g3 e5 30. Nd2 Rxb5 31. Rxd1 Nc3 32. Ra1 h5
33. Nc4 f5 34. Ra5 Rxa5 35. Nxa5 Kd6 36. Nc4+ Kd5 37. Nd2 e4 38. Kf1 Kd4 39.
Ke1 Kd3 40. Nf1 Nd5 41. Kd1 h4 42. gxh4 Nf6 43. Ne3 f4 44. Nf5 Ng4 45. Ke1 Nxh2
46. h5 Nf3+ 47. Kd1 Ng5 48. h6 e3 49. Nxe3 fxe3 50. fxe3 Kxe3 1/2-1/2

[Event "Kõbánya-Magyar Sakkvilág-TSE"]
[Site "Budapest"]
[Date "2018.03.04"]
[Round "7.5"]
[White "Sinkovics, Peter"]
[Black "Vicsai, Gabor"]
[Result "1/2-1/2"]
[WhiteElo "2242"]
[BlackElo "2266"]
[PlyCount "101"]
[EventDate "2017.10.29"]
[EventType "team-tourn"]
[EventRounds "9"]
[EventCountry "HUN"]
[Source "chess.hu"]
[SourceDate "2018.03.05"]
[WhiteTeam "Magyar Sakkvilag-TSE"]
[BlackTeam "Aquarena Kobanya SC "]
[WhiteTeamCountry "HUN"]
[BlackTeamCountry "HUN"]

1. d4 Nf6 2. c4 g6 3. Nc3 d5 4. Nf3 Bg7 5. Bf4 O-O 6. e3 c5 7. dxc5 Qa5 8. Rc1
dxc4 9. Bxc4 Qxc5 10. Bb3 Nc6 11. O-O Qa5 12. h3 Bf5 13. Qe2 Ne4 14. Nd5 e5 15.
Bh2 Rfe8 16. Rfd1 Rad8 17. Qc4 Nd6 18. Qh4 Ne4 19. Ng5 Nxg5 20. Qxg5 Be6 21. e4
h6 22. Qd2 Qxd2 23. Rxd2 Nd4 24. Rc7 Rd7 25. Bg3 Red8 26. Rxd7 Bxd7 27. f3 Kh7
28. Bf2 f5 29. Nc3 Bc6 30. Kf1 fxe4 31. fxe4 b5 32. Nd5 a5 33. Bxd4 exd4 34. a3
Re8 35. Bc2 h5 36. Rf2 Re5 37. Bd3 Bxd5 38. exd5 Rxd5 39. b4 axb4 40. axb4 Rd7
41. Ra2 Rf7+ 42. Rf2 Ra7 43. Bxb5 Rb7 44. Bd3 Rxb4 45. Ra2 Rb7 46. Ra6 Rf7+ 47.
Ke2 Bf6 48. Be4 Kg7 49. Rb6 g5 50. Rb7 Rxb7 51. Bxb7 1/2-1/2

[Event "Kõbánya-Magyar Sakkvilág-TSE"]
[Site "Budapest"]
[Date "2018.03.04"]
[Round "7.6"]
[White "Straubinger, Daniel"]
[Black "Bors, Tamas"]
[Result "1-0"]
[WhiteElo "2235"]
[BlackElo "2228"]
[PlyCount "51"]
[EventDate "2017.10.29"]
[EventType "team-tourn"]
[EventRounds "9"]
[EventCountry "HUN"]
[Source "chess.hu"]
[SourceDate "2018.03.05"]
[WhiteTeam "Aquarena Kobanya SC "]
[BlackTeam "Magyar Sakkvilag-TSE"]
[WhiteTeamCountry "HUN"]
[BlackTeamCountry "HUN"]

1. e4 c5 2. Nf3 d6 3. d4 cxd4 4. Nxd4 Nf6 5. Nc3 a6 6. Be2 e6 7. O-O Be7 8. Be3
Qc7 9. a4 b6 10. f4 Bb7 11. Bf3 Nbd7 12. Qe1 g6 13. Rd1 e5 14. Nb3 O-O-O 15.
Qf2 h6 16. Nd5 Nxd5 17. exd5 f5 18. a5 b5 19. Bb6 Nxb6 20. axb6 Qc4 21. fxe5
dxe5 22. d6 Bxf3 23. Qxf3 e4 24. dxe7 exf3 25. exd8=Q+ Rxd8 26. b7+ 1-0

[Event "Kõbánya-Magyar Sakkvilág-TSE"]
[Site "Budapest"]
[Date "2018.03.04"]
[Round "7.7"]
[White "Ongut, Tamas Gunes"]
[Black "Havanecz, Bianka"]
[Result "1-0"]
[WhiteElo "2293"]
[BlackElo "2213"]
[PlyCount "83"]
[EventDate "2017.10.29"]
[EventType "team-tourn"]
[EventRounds "9"]
[EventCountry "HUN"]
[Source "chess.hu"]
[SourceDate "2018.03.05"]
[WhiteTeam "Magyar Sakkvilag-TSE"]
[BlackTeam "Aquarena Kobanya SC "]
[WhiteTeamCountry "HUN"]
[BlackTeamCountry "HUN"]

1. e4 e5 2. Nf3 Nc6 3. Bb5 a6 4. Ba4 Nf6 5. O-O Be7 6. Re1 b5 7. Bb3 d6 8. c3
O-O 9. h3 Bb7 10. d4 Re8 11. Nbd2 exd4 12. cxd4 Nd7 13. Nf1 Bf6 14. Ng3 g6 15.
Bh6 Na5 16. Bc2 c5 17. Rb1 Rc8 18. d5 Nc4 19. Bc1 Qa5 20. Nd2 Nxd2 21. Bxd2 b4
22. Ba4 Re7 23. Bxd7 Rxd7 24. Qg4 Rcd8 25. Bg5 Be7 26. Nf5 Bxg5 27. Qxg5 f6 28.
Qg3 Qxa2 29. f4 Re8 30. Qg4 Bc8 31. Qg3 Rxe4 32. Nh6+ Kg7 33. Rxe4 Qxb1+ 34.
Re1 Qc2 35. Qh4 g5 36. fxg5 fxg5 37. Qxg5+ Qg6 38. Nf5+ Kf8 39. Qe3 Rc7 40. Ne7
Qh5 41. Nxc8 Rxc8 42. Qe7+ 1-0

[Event "Kõbánya-Magyar Sakkvilág-TSE"]
[Site "Budapest"]
[Date "2018.03.04"]
[Round "7.8"]
[White "Halak, Miklos"]
[Black "Bernei, Andras"]
[Result "1-0"]
[WhiteElo "2233"]
[BlackElo "2147"]
[PlyCount "161"]
[EventDate "2017.10.29"]
[EventType "team-tourn"]
[EventRounds "9"]
[EventCountry "HUN"]
[Source "chess.hu"]
[SourceDate "2018.03.05"]
[WhiteTeam "Aquarena Kobanya SC "]
[BlackTeam "Magyar Sakkvilag-TSE"]
[WhiteTeamCountry "HUN"]
[BlackTeamCountry "HUN"]

1. e4 c6 2. d4 d5 3. Nc3 dxe4 4. Nxe4 Bf5 5. Ng3 Bg6 6. Nh3 e6 7. Nf4 Bd6 8.
Nxg6 hxg6 9. Ne4 Nf6 10. Bd3 Nxe4 11. Bxe4 Nd7 12. g3 Qc7 13. Qe2 O-O-O 14. Bd2
Nf6 15. Bg2 e5 16. dxe5 Bxe5 17. O-O-O Rhe8 18. Be3 Bd4 19. Rd3 Bxe3+ 20. Rxe3
Qd6 21. f4 Kb8 22. Bf3 Rxe3 23. Qxe3 Re8 24. Qc3 Qe6 25. b3 Qe3+ 26. Qxe3 Rxe3
27. Rf1 Kc7 28. Kd2 Re7 29. c4 Ne4+ 30. Kc2 Nc5 31. b4 Na4 32. Bd1 Nb6 33. Kd3
Rd7+ 34. Kc3 Re7 35. Rf3 Nd7 36. Rd3 Re1 37. c5 a5 38. a3 axb4+ 39. axb4 b6 40.
Kd4 bxc5+ 41. bxc5 g5 42. fxg5 Re5 43. Bb3 Rxg5 44. Re3 Nxc5 45. Bxf7 Kd6 46.
h3 Rf5 47. Bc4 Rf2 48. Re8 Rf3 49. Rd8+ Ke7 50. Rg8 Rxg3 51. Kxc5 Rxh3 52.
Rxg7+ Kf6 53. Rf7+ Ke5 54. Re7+ Kf6 55. Re6+ Kf5 56. Rxc6 Re3 57. Rc8 Re7 58.
Kd6 Re3 59. Bd5 Re1 60. Rf8+ Kg5 61. Bf3 Re3 62. Kd5 Re1 63. Be4 Ra1 64. Ke5
Ra5+ 65. Bd5 Ra6 66. Rf5+ Kg4 67. Rf2 Ra3 68. Rg2+ Rg3 69. Ra2 Rc3 70. Ra7 Kg3
71. Rg7+ Kf2 72. Kf4 Ra3 73. Rg2+ Kf1 74. Bf3 Ra7 75. Rh2 Rg7 76. Ke3 Rg5 77.
Rh1+ Rg1 78. Rh5 Rg7 79. Ra5 Re7+ 80. Be4 Kg1 81. Rh5 1-0

[Event "Kõbánya-Magyar Sakkvilág-TSE"]
[Site "Budapest"]
[Date "2018.03.04"]
[Round "7.9"]
[White "Hradeczky, Tamas"]
[Black "Sanchez Repullo, Daniel"]
[Result "1-0"]
[WhiteElo "2093"]
[BlackElo "2276"]
[PlyCount "75"]
[EventDate "2017.10.29"]
[EventType "team-tourn"]
[EventRounds "9"]
[EventCountry "HUN"]
[Source "chess.hu"]
[SourceDate "2018.03.05"]
[WhiteTeam "Magyar Sakkvilag-TSE"]
[BlackTeam "Aquarena Kobanya SC "]
[WhiteTeamCountry "HUN"]
[BlackTeamCountry "HUN"]

1. d4 Nf6 2. Nf3 g6 3. c4 c5 4. e3 Bg7 5. Nc3 O-O 6. Bd3 cxd4 7. exd4 d5 8. O-O
Nc6 9. h3 Nb4 10. Be2 dxc4 11. Bxc4 Bf5 12. Nh4 Bc2 13. Qe2 Rc8 14. Be3 Qc7 15.
b3 Be4 16. Rac1 Qa5 17. a3 Nbd5 18. Nxd5 Bxd5 19. a4 Rfd8 20. Bd2 Qb6 21. Nf3
e6 22. a5 Qd6 23. Ne5 Bxc4 24. Rxc4 Rxc4 25. Qxc4 Qxd4 26. Qxd4 Rxd4 27. Be3
Rd5 28. f4 Ne4 29. Rc1 Bxe5 30. fxe5 Kg7 31. b4 Rb5 32. Rc4 Ng3 33. Bxa7 Rxe5
34. Bb8 Re4 35. Rxe4 Nxe4 36. b5 Nc3 37. a6 Nxb5 38. axb7 1-0

[Event "Kõbánya-Magyar Sakkvilág-TSE"]
[Site "Budapest"]
[Date "2018.03.04"]
[Round "7.10"]
[White "Farkas, Lajos Dr"]
[Black "Metaxasz, Vaszilisz"]
[Result "1-0"]
[WhiteElo "2198"]
[BlackElo "2064"]
[PlyCount "79"]
[EventDate "2017.10.29"]
[EventType "team-tourn"]
[EventRounds "9"]
[EventCountry "HUN"]
[Source "chess.hu"]
[SourceDate "2018.03.05"]
[WhiteTeam "Aquarena Kobanya SC "]
[BlackTeam "Magyar Sakkvilag-TSE"]
[WhiteTeamCountry "HUN"]
[BlackTeamCountry "HUN"]

1. Nf3 Nf6 2. d4 e6 3. g3 b6 4. Bg2 Bb7 5. O-O d5 6. b3 Be7 7. Bb2 O-O 8. Ne5
c5 9. e3 Nc6 10. c4 Rc8 11. Nc3 cxd4 12. exd4 Na5 13. Re1 Re8 14. Qe2 Bf8 15.
Nb5 a6 16. Nc3 Qc7 17. cxd5 exd5 18. Rac1 Qd6 19. Qd2 Nc6 20. Na4 Nb8 21. Bh3
Rxc1 22. Qxc1 h6 23. Bf5 Rd8 24. Qc2 Nbd7 25. Re3 b5 26. Nxf7 Kxf7 27. Be6+
Qxe6 28. Rxe6 Kxe6 29. Nc5+ Bxc5 30. dxc5 Nb8 31. Qg6 d4 32. Qxg7 Be4 33. Qxh6
Nc6 34. Qf4 Rd5 35. f3 Bb1 36. g4 Ne5 37. g5 Nh5 38. Qf8 d3 39. Qg8+ Nf7 40.
Qe8+ 1-0

[Event "Kõbánya-Magyar Sakkvilág-TSE"]
[Site "Budapest"]
[Date "2018.03.04"]
[Round "7.11"]
[White "Borda, Lajos"]
[Black "Egeto, Janos-Lehel"]
[Result "1-0"]
[WhiteElo "2110"]
[BlackElo "2057"]
[PlyCount "58"]
[EventDate "2017.10.29"]
[EventType "team-tourn"]
[EventRounds "9"]
[EventCountry "HUN"]
[Source "chess.hu"]
[SourceDate "2018.03.05"]
[WhiteTeam "Magyar Sakkvilag-TSE"]
[BlackTeam "Aquarena Kobanya SC "]
[WhiteTeamCountry "HUN"]
[BlackTeamCountry "HUN"]

1. e4 c5 2. Nf3 e6 3. a3 a6 4. d4 cxd4 5. Nxd4 Nf6 6. Bd3 Qc7 7. Nc3 Be7 8. Qe2
d6 9. O-O Nbd7 10. Bd2 Ne5 11. f4 Nxd3 12. cxd3 O-O 13. Kh1 b6 14. Rfc1 Qb7 15.
Nd1 Bd7 16. Ne3 Rfc8 17. h3 Be8 18. Rxc8 Rxc8 19. Kh2 d5 20. e5 Nd7 21. Bc3 Qb8
22. g3 Nc5 23. Ng4 Na4 24. Bb4 Bc5 25. Nf6+ Kh8 26. Nxe8 Rxe8 27. Nf3 Rc8 28.
Ng5 Qc7 29. Rc1 Bg1+ 1-0

[Event "Kõbánya-Magyar Sakkvilág-TSE"]
[Site "Budapest"]
[Date "2018.03.04"]
[Round "7.12"]
[White "Fule, Simon"]
[Black "Majoros, Rozsa Evelin"]
[Result "1-0"]
[WhiteElo "2000"]
[BlackElo "1975"]
[PlyCount "135"]
[EventDate "2017.10.29"]
[EventType "team-tourn"]
[EventRounds "9"]
[EventCountry "HUN"]
[Source "chess.hu"]
[SourceDate "2018.03.05"]
[WhiteTeam "Aquarena Kobanya SC "]
[BlackTeam "Magyar Sakkvilag-TSE"]
[WhiteTeamCountry "HUN"]
[BlackTeamCountry "HUN"]

1. e4 c6 2. d4 d5 3. Nd2 dxe4 4. Nxe4 Bf5 5. Ng3 Bg6 6. h4 h6 7. Nf3 Nd7 8. h5
Bh7 9. Bd3 Bxd3 10. Qxd3 e6 11. Bd2 Ngf6 12. O-O-O Be7 13. Ne4 Nxe4 14. Qxe4
Nf6 15. Qe2 O-O 16. Kb1 Qb6 17. g4 Ba3 18. Bc1 Nd5 19. Ka1 Bb4 20. c4 Qa6 21.
Qc2 Nb6 22. b3 f6 23. Kb1 Ba3 24. Be3 Qa5 25. Rhg1 Rad8 26. Nh4 e5 27. Bxh6
Rxd4 28. Bxg7 Rf7 29. Rxd4 exd4 30. Bh6 Qc3 31. Qg6+ Kh8 32. Bc1 Nxc4 33. Qc2
Bxc1 34. Qxc3 dxc3 35. Kxc1 Nd6 36. Re1 Kh7 37. Kc2 Nb5 38. a4 Nc7 39. Kxc3 b5
40. Nf5 Nd5+ 41. Kd4 Nf4 42. Re7 Rxe7 43. Nxe7 bxa4 44. bxa4 c5+ 45. Ke4 Ne2
46. Nd5 Kg7 47. Kd3 Nd4 48. Kc4 Nf3 49. Kxc5 Ne5 50. Ne3 Nd3+ 51. Kb5 Nxf2 52.
Ka6 Kh6 53. Kxa7 Kg5 54. a5 f5 55. gxf5 Kxh5 56. a6 Ne4 57. Kb6 Nd6 58. a7 Nc8+
59. Kb7 Nxa7 60. Kxa7 Kg5 61. Kb6 Kf6 62. Kc6 Ke5 63. Kd7 Kf6 64. Kd6 Kf7 65.
Ng4 Kf8 66. Ke6 Ke8 67. f6 Kf8 68. f7 1-0

[Event "Kisújszállás-HASE"]
[Site "Kisújszállás"]
[Date "2018.03.04"]
[Round "7.1"]
[White "Hoang, Thanh Trang"]
[Black "Berebora, Ferenc"]
[Result "1/2-1/2"]
[WhiteElo "2439"]
[BlackElo "2446"]
[PlyCount "43"]
[EventDate "2017.10.29"]
[EventType "team-tourn"]
[EventRounds "9"]
[EventCountry "HUN"]
[Source "chess.hu"]
[SourceDate "2018.03.05"]
[WhiteTeam "HASE-Lila Futo I."]
[BlackTeam "Kisujszallasi SE"]
[WhiteTeamCountry "HUN"]
[BlackTeamCountry "HUN"]

1. d4 Nf6 2. Bg5 Ne4 3. Bf4 c5 4. f3 Qa5+ 5. c3 Nf6 6. d5 e6 7. e4 exd5 8. exd5
d6 9. Qd2 Be7 10. c4 Qxd2+ 11. Kxd2 Nh5 12. Be3 f5 13. Nc3 Nd7 14. Re1 Kd8 15.
Nh3 h6 16. f4 a6 17. Bd3 Ndf6 18. Rhf1 Ng4 19. Bg1 Bd7 20. a4 Bf6 21. g3 Kc7
22. Nf2 1/2-1/2

[Event "Kisújszállás-HASE"]
[Site "Kisújszállás"]
[Date "2018.03.04"]
[Round "7.3"]
[White "Horvath, Zoltan"]
[Black "Balla, Tamas-Kristof"]
[Result "1/2-1/2"]
[WhiteElo "2292"]
[BlackElo "2349"]
[PlyCount "23"]
[EventDate "2017.10.29"]
[EventType "team-tourn"]
[EventRounds "9"]
[EventCountry "HUN"]
[Source "chess.hu"]
[SourceDate "2018.03.05"]
[WhiteTeam "HASE-Lila Futo I."]
[BlackTeam "Kisujszallasi SE"]
[WhiteTeamCountry "HUN"]
[BlackTeamCountry "HUN"]

1. e4 c5 2. Nf3 e6 3. d4 cxd4 4. Nxd4 a6 5. Bd3 Bc5 6. Nb3 Be7 7. O-O d6 8. c4
Nf6 9. Nc3 O-O 10. Be3 b6 11. Rc1 Nbd7 12. Qe2 1/2-1/2

[Event "Kisújszállás-HASE"]
[Site "Kisújszállás"]
[Date "2018.03.04"]
[Round "7.4"]
[White "Secheres, Adrian-Simion"]
[Black "Koczka, Zsolt"]
[Result "1-0"]
[WhiteElo "2364"]
[BlackElo "2243"]
[PlyCount "91"]
[EventDate "2017.10.29"]
[EventType "team-tourn"]
[EventRounds "9"]
[EventCountry "HUN"]
[Source "chess.hu"]
[SourceDate "2018.03.05"]
[WhiteTeam "Kisujszallasi SE"]
[BlackTeam "HASE-Lila Futo I."]
[WhiteTeamCountry "HUN"]
[BlackTeamCountry "HUN"]

1. d4 d5 2. c4 e6 3. Nc3 Nf6 4. cxd5 exd5 5. Bg5 Be7 6. e3 h6 7. Bf4 c6 8. Bd3
Bd6 9. Bg3 O-O 10. Nf3 Bg4 11. Qc2 Qe7 12. Bxd6 Qxd6 13. Ne5 Bc8 14. h3 Nbd7
15. f4 Qe7 16. O-O Ne8 17. Rf3 Nd6 18. Raf1 Nf6 19. g4 Nfe4 20. Bxe4 dxe4 21.
Rg3 Re8 22. f5 f6 23. Ng6 Qf7 24. b3 b6 25. Rf4 Bb7 26. h4 Rac8 27. Qf2 c5 28.
d5 b5 29. g5 b4 30. Ne2 h5 31. gxf6 Qxf6 32. Rg2 c4 33. bxc4 Rxc4 34. Ng3 Rc1+
35. Kh2 Bxd5 36. Nxh5 Qa1 37. Ng3 Bf7 38. h5 Qf6 39. Ne2 Rc2 40. h6 Bc4 41. Qe1
Rxe2 42. Rxe2 Bxe2 43. Qxe2 a5 44. Qh5 gxh6 45. Qxh6 Nf7 46. Ne7+ 1-0

[Event "Kisújszállás-HASE"]
[Site "Kisújszállás"]
[Date "2018.03.04"]
[Round "7.5"]
[White "Petran, Pal"]
[Black "Csiki, Endre"]
[Result "1-0"]
[WhiteElo "2299"]
[BlackElo "2145"]
[PlyCount "77"]
[EventDate "2017.10.29"]
[EventType "team-tourn"]
[EventRounds "9"]
[EventCountry "HUN"]
[Source "chess.hu"]
[SourceDate "2018.03.05"]
[WhiteTeam "HASE-Lila Futo I."]
[BlackTeam "Kisujszallasi SE"]
[WhiteTeamCountry "HUN"]
[BlackTeamCountry "HUN"]

1. Nf3 b6 2. d4 Bb7 3. g3 g6 4. Bg2 Nf6 5. c4 Bg7 6. O-O O-O 7. Nc3 Ne4 8. Bd2
c5 9. d5 Nxc3 10. Bxc3 Bxc3 11. bxc3 d6 12. Nd2 Nd7 13. f4 Qc7 14. e4 Rae8 15.
Qg4 Kg7 16. Rae1 e6 17. Qh4 exd5 18. exd5 Nf6 19. g4 Ng8 20. Qg3 f6 21. Re4
Rxe4 22. Nxe4 Ba6 23. f5 Bxc4 24. Nxd6 Bxf1 25. Ne8+ Rxe8 26. Qxc7+ Re7 27. Qd8
Bb5 28. d6 Rd7 29. Qa8 Nh6 30. c4 Ba4 31. Bd5 Nf7 32. Be6 Rxd6 33. Qxa7 Be8 34.
Qe7 Rd8 35. g5 Ra8 36. Bd5 Rb8 37. gxf6+ Kg8 38. Qc7 Rd8 39. Bxf7+ 1-0

[Event "Kisújszállás-HASE"]
[Site "Kisújszállás"]
[Date "2018.03.04"]
[Round "7.7"]
[White "Rigo, Janos"]
[Black "Csvila, Gabor"]
[Result "1-0"]
[WhiteElo "2224"]
[BlackElo "2181"]
[PlyCount "113"]
[EventDate "2017.10.29"]
[EventType "team-tourn"]
[EventRounds "9"]
[EventCountry "HUN"]
[Source "chess.hu"]
[SourceDate "2018.03.05"]
[WhiteTeam "HASE-Lila Futo I."]
[BlackTeam "Kisujszallasi SE"]
[WhiteTeamCountry "HUN"]
[BlackTeamCountry "HUN"]

1. e4 c5 2. Nf3 d6 3. Bb5+ Nd7 4. d4 cxd4 5. Nxd4 Ngf6 6. Nc3 g6 7. Bg5 Bg7 8.
O-O O-O 9. Re1 a6 10. Bf1 Nc5 11. Nd5 Ncxe4 12. Bxf6 Nxf6 13. Nxe7+ Kh8 14.
Nxc8 Rxc8 15. c3 Qb6 16. Qb3 Qxb3 17. Nxb3 Rfe8 18. Rxe8+ Rxe8 19. Rd1 d5 20.
g3 Bh6 21. Nc5 Re7 22. Nd3 a5 23. f4 g5 24. fxg5 Bxg5 25. Re1 Rxe1 26. Nxe1 b6
27. Nd3 Ne4 28. Bg2 f5 29. Bh3 Nc5 30. Nf4 Bxf4 31. gxf4 Nd3 32. Bxf5 Nxb2 33.
Bc2 Nc4 34. Kf2 Kg7 35. Bb3 Nd2 36. Bxd5 Nb1 37. c4 Nc3 38. a3 Kf6 39. Ke3 Na4
40. Be4 h6 41. Kd4 Ke6 42. f5+ Kd6 43. Bd5 Nc5 44. f6 Nd7 45. f7 Nf8 46. h4 Nd7
47. h5 Ke7 48. Ke4 Nf6+ 49. Kf5 Nxh5 50. Kg6 Nf4+ 51. Kg7 Nh5+ 52. Kxh6 Nf6 53.
Kg6 Nd7 54. Kg7 Nf8 55. a4 Nd7 56. Be4 Kd6 57. Bf5 1-0

[Event "Kisújszállás-HASE"]
[Site "Kisújszállás"]
[Date "2018.03.04"]
[Round "7.8"]
[White "Ondok, Laszlo Dr"]
[Black "Seres, Bela"]
[Result "1-0"]
[WhiteElo "2125"]
[BlackElo "2241"]
[PlyCount "73"]
[EventDate "2017.10.29"]
[EventType "team-tourn"]
[EventRounds "9"]
[EventCountry "HUN"]
[Source "chess.hu"]
[SourceDate "2018.03.05"]
[WhiteTeam "Kisujszallasi SE"]
[BlackTeam "HASE-Lila Futo I."]
[WhiteTeamCountry "HUN"]
[BlackTeamCountry "HUN"]

1. Nf3 c5 2. e4 d6 3. d4 cxd4 4. Nxd4 Nf6 5. Nc3 a6 6. h3 e5 7. Nde2 Be7 8. g4
Be6 9. Bg2 Nbd7 10. O-O Rc8 11. Ng3 O-O 12. Nf5 Nb6 13. g5 Ne8 14. h4 Kh8 15.
f4 exf4 16. Bxf4 Nc4 17. Qf3 f6 18. Qg3 fxg5 19. hxg5 g6 20. Nxe7 Qxe7 21. Rae1
Ng7 22. Nd5 Bxd5 23. exd5 Ne5 24. Bxe5 dxe5 25. Rxf8+ Rxf8 26. Qxe5 Qc5+ 27.
Qe3 Qxc2 28. Qd4 Qf5 29. Rf1 Qc8 30. Rxf8+ Qxf8 31. d6 Qd8 32. d7 b5 33. Qc5
Ne6 34. Qe5+ Ng7 35. Bh3 Qb6+ 36. Kf1 Kg8 37. Qf6 1-0

[Event "Kisújszállás-HASE"]
[Site "Kisújszállás"]
[Date "2018.03.04"]
[Round "7.9"]
[White "Gelle, Istvan"]
[Black "Telek, Gabor"]
[Result "1-0"]
[WhiteElo "2358"]
[BlackElo "2142"]
[PlyCount "75"]
[EventDate "2017.10.29"]
[EventType "team-tourn"]
[EventRounds "9"]
[EventCountry "HUN"]
[Source "chess.hu"]
[SourceDate "2018.03.05"]
[WhiteTeam "HASE-Lila Futo I."]
[BlackTeam "Kisujszallasi SE"]
[WhiteTeamCountry "HUN"]
[BlackTeamCountry "HUN"]

1. d4 Nf6 2. Bf4 c5 3. e3 g6 4. c3 cxd4 5. exd4 Bg7 6. Nf3 b6 7. a4 a6 8. Be2
Bb7 9. O-O d6 10. Nbd2 Nbd7 11. h3 O-O 12. Re1 Re8 13. Bh2 Qc7 14. Qb3 Bd5 15.
c4 Bb7 16. a5 h6 17. axb6 Qxb6 18. Qxb6 Nxb6 19. Nb3 Nbd7 20. Na5 Ra7 21. Nxb7
Rxb7 22. Ra2 e5 23. c5 dxc5 24. dxe5 Nd5 25. Bxa6 Rb4 26. Bf1 N7b6 27. Bg3 c4
28. Rc1 Rc8 29. Nd2 h5 30. Ne4 Rc6 31. h4 Bh6 32. Rc2 Kg7 33. Ra7 Bf4 34. Bxf4
Nxf4 35. Ng5 Na4 36. Rxf7+ Kg8 37. Rxf4 c3 38. Rxb4 1-0

[Event "Kisújszállás-HASE"]
[Site "Kisújszállás"]
[Date "2018.03.04"]
[Round "7.10"]
[White "Fekete, Albert"]
[Black "Gorcsi, Gabor"]
[Result "1/2-1/2"]
[WhiteElo "2194"]
[BlackElo "2133"]
[PlyCount "48"]
[EventDate "2017.10.29"]
[EventType "team-tourn"]
[EventRounds "9"]
[EventCountry "HUN"]
[Source "chess.hu"]
[SourceDate "2018.03.05"]
[WhiteTeam "Kisujszallasi SE"]
[BlackTeam "HASE-Lila Futo I."]
[WhiteTeamCountry "HUN"]
[BlackTeamCountry "HUN"]

1. Nf3 c5 2. e4 d6 3. c3 Nf6 4. Be2 Nc6 5. d4 cxd4 6. cxd4 Nxe4 7. d5 Qa5+ 8.
Nc3 Nxc3 9. bxc3 Ne5 10. Nxe5 dxe5 11. Qb3 a6 12. Be3 e6 13. O-O Qxd5 14. c4
Qc6 15. Qb2 Be7 16. Rab1 O-O 17. Qxe5 Bf6 18. Qa5 e5 19. Rfc1 Bf5 20. Bf3 Be4
21. Rb6 Bd8 22. Rxc6 Bxa5 23. Rc5 Bxf3 24. Rxa5 Bc6 1/2-1/2